000 00628nam a2200169Ia 4500
008 110201s9999 xx 000 0 und d
082 _bB914
_aK 734
100 _aकाकोडकर चंद्रकांत
245 _aनच सुंदरी करु कोपा
260 _bयुवराज प्रकाशन
365 _b18
600 _aकाकोडकर चंद्रकांत
630 _aनच सुंदरी करु कोपा
700 _aकाकोडकर चंद्रकांत
730 _aनच सुंदरी करु कोपा
942 _cBOOK
999 _c828287
_d828284